01344nam a2200361Ia 4500001001000000003000500010008004100015010001100056040000900067082002200076111013000098245004700228260005700275300001100332650002900343650002200372650002100394650003500415650003800450650004600488650003500534650002900569650003800598710004800636901002200684902000600706905006300712910000900775942000900784942001200793999001900805952015800824Para_8785CHAP220125s2003 xx 000 0 und d a207566 cCHAP aPA 630.72 P7 2003 aPresentación de trabajos de Investigación, producción y servicio. Recorrido de campo (19:2003:Chapingo, Méx.)9174132 aMemorias /c Campo Agrícola Experimental aChapingo, Méx. :b Universidad Autónoma Chapingo a302 p. aAcolchado de suelos9623 aAmaranthus 95103 aCalabaza 917261 aFrijol x enfermedades 943367 aFrijol x investigación 943397 aMaíz x enfermedades por hongos 970941 aMaíz x mejoramiento 971006 aMaíz x plagas 971034 aTrigo x investigación 9115046 aUACh. Campo Agrícola Experimental9115823 aPA 630.72 P7 2003 aA a0000002003 in 0000000000 00 a2003 cPARA cPARAd1 c207566d207566 00102ddc4053708GRALaPAbPAd2005-10-27i(PA_8518) (No. UACh C/E)l0oPA 630.72 P7 2003p4102001467r2022-01-25 00:00:00tEj.1w2022-01-25yLIBROz3